Normal view MARC view
  • Tadić, Ljubomir,

Entry Nombre Personal

Number of records used in: 1

001 - NUMERO DE CONTROL

  • campo de control: 45490

003 - IDENTIFICADOR DE NUMERO DE CONTROL

  • campo de control: DLC

005 - FECHA Y HORA DE LA ÜLTIMA TRANSACCIÓN

  • campo de control: 20220822084730.0

008 - DATOS DE LONGITUD FIJA

  • campo de control de longitud fija: 220822n| azannaabn |b aaa c

010 ## - NÚMERO DE CONTROL DE LA BIBLIOTECA DEL CONGRESO

  • Número de control LC: n 88093053

035 ## - NUMERO DE CONTROL

  • Número de control: (OCoLC)oca02293269

040 ## - FUENTE DE CATALOGACIÓN

  • Agencia original de catalogación: InU
  • Lenguaje de catalogación: spa
  • Description conventions: rda
  • Agencia de transcripción: DLC
  • Agencia que lo modifica: DLC
  • Agencia que lo modifica: OCoLC
  • Agencia que lo modifica: DLC
  • Agencia que lo modifica: OU
  • Agencia que lo modifica: MX-MxUPN

046 ## - FECHAS CON CODIFICACIÓN ESPECIAL

  • Fecha de nacimiento: 1925-05-14
  • Fecha de muerte: 2013-12-31
  • Fuente del formato de fecha: edtf

100 1# - ENCABEZAMIENTO - NOMBRE PERSONAL

  • Nombre personal: Tadić, Ljubomir,
  • Fechas asociadas con el nombre: 1925-2013

370 ## - LUGAR ASOCIADO

  • Place of birth: Smriječno (Montenegro)

370 ## - LUGAR ASOCIADO

  • Place of death: Belgrade (Serbia)
  • Fuente del término: naf

374 ## - OCUPACIÓN

  • Occupation: Philosophers
  • Occupation: Politicians
  • Occupation: College teachers
  • Fuente del término: lcsh

375 ## - GÉNERO

  • Gender: Males
  • Fuente del término: lcdgt

400 1# - VEÁSE - NOMBRE DE PERSONA

  • Personal name: Тадић, Љубомир,
  • Dates associated with a name: 1925-2013

670 ## - FUENTE EN LA QUE SE LOCALIZARON DATOS

  • Cita de la fuente: En su obra: Filozofija prava, 1983:
  • Información localizada: t.p. (Ljubomir Tadić)

670 ## - FUENTE EN LA QUE SE LOCALIZARON DATOS

  • Cita de la fuente: OCLC data base, 5-17-88
  • Información localizada: (hdg.: Tadić, Ljubomir, 1925- )

670 ## - FUENTE EN LA QUE SE LOCALIZARON DATOS

  • Cita de la fuente: His Nauka o politici, 1988:
  • Información localizada: portada (Ljubomir Tadić) página 433 (b. 5/14/25; dr)

670 ## - FUENTE EN LA QUE SE LOCALIZARON DATOS

  • Cita de la fuente: Wikidata via Wikipedia, July 9, 2019:
  • Información localizada: (VIAF identifier: 109768106; ISNI (P213): 0000000121474860; child: Boris Tadić; occupation: philosopher, politician, university teacher; member of: Serbian Academy of Sciences and Arts, comité pour la défense de la liberté de pensée et d'expression, Senate of Republika Srpska, Association of Writers of Serbia; date of birth: +1925-05-14T00:00:00Z; instance of: human; GND identifier: 122515099; LCAuth identifier: n88093053; date of death: +2013-12-31T00:00:00Z; place of death: Belgrade; country of citizenship: Socialist Federal Republic of Yugoslavia, Serbia, Kingdom of Yugoslavia, Federal Republic of Yugoslavia; place of birth: Smriječno; given name: Lubomir; Freebase identifier: /m/0267_sx; award received: Commemorative Medal of the Partisans of 1941; different from: Al Porcino; FAST-ID: 230837; surname: Tadić; SANU member ID (P3475): 1312; spouse: Nevenka Tadić; ethnic group: Serbs; NTA identifier (Netherlands): 132969874; educated at: University of Belgrade Faculty of Law; location of burial: Belgrade New Cemetery; employer: University of Belgrade; SUDOC authorities: 028384067; member of political party: Democratic Party; languages spoken or published: Serbian; sex or gender: male; BnF identifier: 12023012k; NKC identifier: jx20131128003; alias: Ljubomir Tadic; description/label: académico serbio, filosoof uit Socialistische Federale Republiek Joegoslavië , jugoslawischer bzw. serbischer Philosoph, Serbian academic, Љубомир Тадић, Любамір Тадзіч, Любомир Тадич)
  • Uniform Resource Identifier: http://www.wikidata.org/entity/Q2747406

902 ## - CATALOGADOR

  • Catalogador: NDAF/220822